El sistema de inspección del trabajo en el Perú (Registro nro. 172004)
[ vista simple ]
| 000 -LEADER | |
|---|---|
| fixed length control field | 02781nam a22002657a 4500 |
| 007 - PHYSICAL DESCRIPTION FIXED FIELD--GENERAL INFORMATION | |
| fixed length control field | cr|||| |||| |
| 008 - FIXED-LENGTH DATA ELEMENTS--GENERAL INFORMATION | |
| fixed length control field | 220822s2020 pe |||||s|||| 00||0 spa d |
| 020 ## - INTERNATIONAL STANDARD BOOK NUMBER | |
| International Standard Book Number | 9786123251543 |
| 035 ## - | |
| -- | 36912 |
| 040 ## - CATALOGING SOURCE | |
| Original cataloging agency | vLex |
| 090 ## - | |
| -- | 13768 |
| -- | 13768 |
| 100 1# - MAIN ENTRY--PERSONAL NAME | |
| Personal name | Arce Ortíz, Elmer |
| 245 12 - TITLE STATEMENT | |
| Title | El sistema de inspección del trabajo en el Perú |
| Medium | [Recurso electrónico] : |
| Remainder of title | Aspectos jurídicos / |
| Statement of responsibility, etc | Elmer Arce Ortíz |
| 256 ## - | |
| -- | Servicio en línea |
| 260 ## - PUBLICATION, DISTRIBUTION, ETC. (IMPRINT) | |
| Place of publication, distribution, etc | Lima: |
| Name of publisher, distributor, etc | Palestra Editores, |
| Date of publication, distribution, etc | 2020 |
| 300 ## - PHYSICAL DESCRIPTION | |
| Extent | 1 recurso electrónico |
| 500 ## - GENERAL NOTE | |
| General note | ¿Qué le falta a la Inspección Laboral peruana para ser un gran sistema de garantía de derechos? es la pregunta que se intenta responder en este libro desde una óptica básicamente normativa. Es decir, se busca interpelar las normas jurídicas que regulan la Inspección de Trabajo y la Superintendencia Nacional de Fiscalización Laboral (SUNAFIL), a efectos de analizar su idoneidad para crear un sistema potente y fuerte. La pretensión de este programa de estudio obliga a fijar como punto de partida el Convenio 81 OIT, sobre Inspección de Trabajo (aprobado y ratificado por Perú). Dicho Convenio concibe una Autoridad Central de Inspección con fortaleza orgánica o estructural, con un gran abanico de derechos laborales y de seguridad y salud a proteger, así como con actuaciones inspectivas y procedimientos sancionadores rápidos, imparciales y eficientes para cumplir su objetivo. De este modo, insisto, de lo que se trata es de analizar, con profundidad y detalle, las principales instituciones reguladas en la Ley General de Inspección, Ley 28806, y en la Ley de creación de la SUNAFIL, Ley 29981, con el objeto de evaluar qué tan adecuadas son estas normas y sus interpretaciones para construir un Sistema General de Inspección a imagen y semejanza del diseñado en el Convenio 81 OIT. En este sentido, el presente libro aborda el fundamento de la inspección laboral, en la organización y fortalecimiento de SUNAFIL como Autoridad Central, en las actuaciones de investigación y comprobación de los inspectores y, finalmente, en los pormenores del procedimiento administrativo sancionador, poniendo énfasis también en el estudio de la infracción y de la sanción. |
| 506 1# - RESTRICTIONS ON ACCESS NOTE | |
| Terms governing access | Disponible solo en los productos indicados |
| Authorized users | vLex Global |
| -- | vLex Global (Academic Edition, excluding Law Schools) |
| -- | vLex Global (U.S. Academic Edition, Law Schools) |
| -- | vLex Global (U.S. Academic Edition, excluding Law Schools) |
| -- | vLex Global (Academic Edition, Law Schools) |
| 650 04 - SUBJECT ADDED ENTRY--TOPICAL TERM | |
| Topical term or geographic name as entry element | Derecho Laboral y Seguridad Social |
| Geographic subdivision | Perú |
| 650 04 - SUBJECT ADDED ENTRY--TOPICAL TERM | |
| Topical term or geographic name as entry element | Procedimiento Laboral |
| Geographic subdivision | Perú |
| 740 0# - | |
| -- | vLex Libros (Servicio en línea) |
| 856 40 - LOCALIZACIÓN Y ACCESO ELECTRÓNICO | |
| Identificador Uniforme del Recurso (URI/URL) | https://app.vlex.com/#/sources/36912 |
| 942 ## - | |
| -- | RAA |
| 999 ## - | |
| -- | 172004 |
| -- | 172004 |
No hay ítems disponibles.